000
00336 a2200109 4500
001
ART_9978
005
20260410161839.0
008
260409a
245
1
0
_a
El nuevo régimen de admisión temporaria
100
1
_a
Fratalocchi, Aldo
773
0
_t
Contabilidad y administración
_g
- Año 7, Nº 75 (set. 1983)
_w
REV5485
999
_c
23927
_d
23927